Las máscaras de lo sagrado (Record no. 10281)

MARC details
000 -CABECERA
campo de control de longitud fija 00971nam a2200277 a 4500
001 - NÚMERO DE CONTROL
campo de control BRL_1471
005 - FECHA Y HORA DE LA ÚLTIMA TRANSACCIÓN
campo de control 20190320211225.0
008 - DATOS DE LONGITUD FIJA--INFORMACIÓN GENERAL
campo de control de longitud fija 230114s1987----mx-a######---#000-0#spa-#
020 ## - NÚMERO INTERNACIONAL ESTÁNDAR DEL LIBRO
Número Internacional Estándar del Libro 9686038663
041 ## - CÓDIGO DE LENGUA
Código de lengua del texto/banda sonora o título independiente spa
044 ## - CÓDIGO DEL PAÍS DE LA ENTIDAD EDITORA/PRODUCTORA
Código MARC del país mx
050 #4 - SIGNATURA TOPOGRÁFICA DE LA BIBLIOTECA DEL CONGRESO
Número de clasificación F1221.N3
Número de documento/Ítem .S44 1987
100 1# - ENTRADA PRINCIPAL--NOMBRE DE PERSONA
Nombre de persona Segre, Enzo
9 (RLIN) 27026
245 10 - MENCIÓN DE TÍTULO
Título Las máscaras de lo sagrado
Resto del título ensayos ítalo-mexicanos sobre el sincretismo nahuat-católico de la Sierra Norte de Puebla
Mención de responsabilidad, etc. Enzo Segre ; traducción Ruth Solís Vicarte.
260 ## - PUBLICACIÓN, DISTRIBUCIÓN, ETC.
Lugar de publicación, distribución, etc. México
Nombre del editor, distribuidor, etc. INAH
Fecha de publicación, distribución, etc. 1987
300 ## - DESCRIPCIÓN FÍSICA
Extensión 172 p.
Otras características físicas il.
Dimensiones 20 cm.
440 #0 - MENCIÓN DE SERIE/PUNTO DE ACCESO ADICIONAL--TÍTULO
Título Colección divulgación. Serie Ensayo
9 (RLIN) 27027
500 ## - NOTA GENERAL
Nota general Au1753
650 14 - PUNTO DE ACCESO ADICIONAL DE MATERIA--TÉRMINO DE MATERIA
Término de materia o nombre geográfico como elemento de entrada Nahuas
Subdivisión general Religión
Subdivisión geográfica Puebla (Estado)
9 (RLIN) 27028
650 14 - PUNTO DE ACCESO ADICIONAL DE MATERIA--TÉRMINO DE MATERIA
Término de materia o nombre geográfico como elemento de entrada Nahuas
Subdivisión general Medicina
Subdivisión geográfica Puebla (Estado)
9 (RLIN) 27029
650 14 - PUNTO DE ACCESO ADICIONAL DE MATERIA--TÉRMINO DE MATERIA
Término de materia o nombre geográfico como elemento de entrada Sincretismo (Religión)
Subdivisión geográfica Puebla (Estado)
9 (RLIN) 27030
651 #4 - PUNTO DE ACCESO ADICIONAL DE MATERIA--NOMBRE GEOGRÁFICO
Nombre geográfico Puebla (Estado)
Subdivisión general Vida social y costumbres
9 (RLIN) 27031
700 1# - PUNTO DE ACCESO ADICIONAL--NOMBRE DE PERSONA
Nombre de persona Solís Vicarte, Ruth
Término indicativo de función/relación tr.
9 (RLIN) 27032
902 ## - CATALOGADOR
Iniciales GRL
942 ## - ELEMENTOS DE PUNTO DE ACCESO ADICIONAL (KOHA)
Fuente del sistema de clasificación o colocación Library of Congress Classification
Tipo de ítem Koha Libros
Holdings
Estado de retiro Estado de pérdida Estado dañado No para préstamo Localización permanente Ubicación/localización actual Fecha de adquisición Número de inventario Total de préstamos Signatura topográfica completa Código de barras Fecha visto por última vez Precio válido a partir de Tipo de ítem Koha
El ejemplar forma parte de la colección y puede ser consultado según las políticas vigentes.       Biblioteca Centro de Estudios Ruth D. Lechuga Biblioteca Centro de Estudios Ruth D. Lechuga 23/01/2014 Au1753   F1221.N3 .S44 1987 (Au1753) GRL01632 22/03/2019 22/03/2019 Libros